[Event "NRW U18 op"]
[Site "Olpe"]
[Date "2005.10.02"]
[Round "4.27"]
[White "Dilger, Jan"]
[Black "Pliete, Christian"]
[Result "0-1"]
[WhiteElo "1299"]
[BlackElo "1603"]
[PlyCount "78"]
[EventDate "2005.10.01"]
[EventType "swiss"]
[EventRounds "7"]
[EventCountry "GER"]
[SourceTitle "CBM 108 Extra"]
[Source "ChessBase"]
[SourceDate "2005.11.04"]
[SourceVersion "1"]
[SourceVersionDate "2005.11.04"]
[SourceQuality "1"]

1. d4 d5 2. Nf3 e6 3. Bf4 Nd7 4. Nbd2 c5 5. c3 Ngf6 6. Qc2 b6 7. b3 Bb7 8. e3 Rc8 9. Bd3 Be7 10. 0-0 a6 11. Bg5 h6 12. Bxf6 Bxf6 13. Qb2 0-0 14. Rac1 e5 15. dxe5 Nxe5 16. Nxe5 Bxe5 17. Nf3 Bb8 18. Bf5 Rc6 19. Rfd1 Rf6 20. Bg4 Qc7 21. g3 Re8 22. Nd2 Qc6 23. Re1 h5 24. Bxh5 Rh6 25. Bf3 Qd7 26. h4 Qf5 27. Re2 g5 28. Rce1 gxh4 29. e4 Qg6 30. exd5 Rf8 31. Re4 Bc8 32. g4 h3 33. Kh1 h2 34. c4 Rh4 35. Re8 Bxg4 36. Rxf8+ Kxf8 37. Bxg4 Qxg4 38. Qf6 Bf4 39. Re7 Qd1+ 0-1

[Event "NRW U18 op"]
[Site "Olpe"]
[Date "2005.10.01"]
[Round "1.21"]
[White "Kelbling, Philipp"]
[Black "Dilger, Jan"]
[Result "1-0"]
[WhiteElo "1732"]
[BlackElo "1299"]
[PlyCount "45"]
[EventDate "2005.10.01"]
[EventType "swiss"]
[EventRounds "7"]
[EventCountry "GER"]
[SourceTitle "CBM 108 Extra"]
[Source "ChessBase"]
[SourceDate "2005.11.04"]
[SourceVersion "1"]
[SourceVersionDate "2005.11.04"]
[SourceQuality "1"]

1. e4 e6 2. b3 d5 3. Bb2 Nf6 4. exd5 exd5 5. Nf3 Bg4 6. Be2 Bd6 7. h3 Bxf3 8. Bxf3 Nbd7 9. 0-0 0-0 10. d4 c6 11. c4 b6 12. Nc3 dxc4 13. bxc4 Rc8 14. Re1 Qc7 15. Qa4 h6 16. Rad1 Rfd8 17. Kh1 c5 18. Nb5 Qb8 19. Nxa7 b5 20. cxb5 Nb6 21. Qa6 Nc4 22. Ba1 cxd4 23. Nxc8 1-0